<?xml version="1.0" encoding="UTF-8"?>
<record
    xmlns:xsi="http://www.w3.org/2001/XMLSchema-instance"
    xsi:schemaLocation="http://www.loc.gov/MARC21/slim http://www.loc.gov/standards/marcxml/schema/MARC21slim.xsd"
    xmlns="http://www.loc.gov/MARC21/slim">

  <leader>03504nam a22002897a 4500</leader>
  <controlfield tag="003">NALT</controlfield>
  <controlfield tag="005">20251125233120.0</controlfield>
  <controlfield tag="008">      s2557    th                  tha d</controlfield>
  <datafield tag="020" ind1=" " ind2=" ">
    <subfield code="a">9786162693229</subfield>
  </datafield>
  <datafield tag="040" ind1=" " ind2=" ">
    <subfield code="a">NALT</subfield>
  </datafield>
  <datafield tag="041" ind1=" " ind2=" ">
    <subfield code="a">tha</subfield>
  </datafield>
  <datafield tag="090" ind1=" " ind2=" ">
    <subfield code="a">KS 14 </subfield>
    <subfield code="b">&#xE18;517&#xE2B; 2557</subfield>
  </datafield>
  <datafield tag="100" ind1="0" ind2=" ">
    <subfield code="a">&#xE18;&#xE32;&#xE19;&#xE35; &#xE27;&#xE23;&#xE20;&#xE31;&#xE17;&#xE23;&#xE4C;</subfield>
    <subfield code="9">32083</subfield>
  </datafield>
  <datafield tag="245" ind1="1" ind2="0">
    <subfield code="a">&#xE2B;&#xE25;&#xE31;&#xE01;&#xE01;&#xE0E;&#xE2B;&#xE21;&#xE32;&#xE22;&#xE21;&#xE32;&#xE15;&#xE23;&#xE01;&#xE32;&#xE23;&#xE1A;&#xE31;&#xE07;&#xE04;&#xE31;&#xE1A;&#xE17;&#xE32;&#xE07;&#xE2D;&#xE32;&#xE0D;&#xE32; /</subfield>
    <subfield code="c">&#xE18;&#xE32;&#xE19;&#xE35; &#xE27;&#xE23;&#xE20;&#xE31;&#xE17;&#xE23;&#xE4C;.</subfield>
  </datafield>
  <datafield tag="260" ind1=" " ind2=" ">
    <subfield code="a">&#xE01;&#xE23;&#xE38;&#xE07;&#xE40;&#xE17;&#xE1E;&#xE2F; : </subfield>
    <subfield code="b">&#xE27;&#xE34;&#xE0D;&#xE0D;&#xE39;&#xE0A;&#xE19;, </subfield>
    <subfield code="c">2557.</subfield>
  </datafield>
  <datafield tag="300" ind1=" " ind2=" ">
    <subfield code="a">196 &#xE2B;&#xE19;&#xE49;&#xE32; ;</subfield>
    <subfield code="b"> </subfield>
    <subfield code="c">26 &#xE0B;&#xE21;.</subfield>
  </datafield>
  <datafield tag="505" ind1="1" ind2=" ">
    <subfield code="a">&#xE25;&#xE31;&#xE01;&#xE29;&#xE13;&#xE18; &#xE17;&#xE35;&#xE48; 1. &#xE1A;&#xE17;&#xE19;&#xE33; -- &#xE1A;&#xE17;&#xE17;&#xE35;&#xE48; 1. &#xE1E;&#xE37;&#xE49;&#xE19;&#xE10;&#xE32;&#xE19;&#xE02;&#xE2D;&#xE07;&#xE21;&#xE32;&#xE15;&#xE23;&#xE01;&#xE32;&#xE23;&#xE1A;&#xE31;&#xE07;&#xE04;&#xE31;&#xE1A;&#xE43;&#xE19;&#xE17;&#xE32;&#xE07;&#xE2D;&#xE32;&#xE0D;&#xE32; -- &#xE1A;&#xE17;&#xE17;&#xE35;&#xE48; 2. &#xE2B;&#xE25;&#xE31;&#xE01;&#xE23;&#xE31;&#xE10;&#xE18;&#xE23;&#xE23;&#xE21;&#xE19;&#xE39;&#xE0D;&#xE01;&#xE31;&#xE1A;&#xE21;&#xE32;&#xE15;&#xE23;&#xE01;&#xE32;&#xE23;&#xE1A;&#xE31;&#xE07;&#xE04;&#xE31;&#xE1A;&#xE43;&#xE19;&#xE17;&#xE32;&#xE07;&#xE2D;&#xE32;&#xE0D;&#xE32; -- &#xE1A;&#xE17;&#xE17;&#xE35;&#xE48; 3. &#xE21;&#xE34;&#xE15;&#xE34;&#xE02;&#xE2D;&#xE07;&#xE21;&#xE32;&#xE15;&#xE23;&#xE01;&#xE32;&#xE23;&#xE1A;&#xE31;&#xE07;&#xE04;&#xE31;&#xE1A;&#xE17;&#xE32;&#xE07;&#xE2D;&#xE32;&#xE0D;&#xE32; -- &#xE1A;&#xE17;&#xE17;&#xE35;&#xE48; 4. &#xE08;&#xE38;&#xE14;&#xE21;&#xE38;&#xE48;&#xE07;&#xE2B;&#xE21;&#xE32;&#xE22;&#xE41;&#xE25;&#xE30;&#xE01;&#xE32;&#xE23;&#xE43;&#xE0A;&#xE49;&#xE21;&#xE32;&#xE15;&#xE23;&#xE01;&#xE32;&#xE23;&#xE1A;&#xE31;&#xE07;&#xE04;&#xE31;&#xE1A;&#xE43;&#xE19;&#xE17;&#xE32;&#xE07;&#xE2D;&#xE32;&#xE0D;&#xE32; / &#xE25;&#xE31;&#xE01;&#xE29;&#xE13;&#xE18;&#xE17;&#xE35;&#xE48; 2. &#xE42;&#xE17;&#xE29; -- &#xE1A;&#xE17;&#xE17;&#xE35;&#xE48; 5. &#xE04;&#xE27;&#xE32;&#xE21;&#xE17;&#xE31;&#xE48;&#xE27;&#xE44;&#xE1B;&#xE27;&#xE48;&#xE32;&#xE14;&#xE49;&#xE27;&#xE22;&#xE42;&#xE17;&#xE29; -- &#xE1A;&#xE17;&#xE17;&#xE35;&#xE48; 6. &#xE42;&#xE17;&#xE29;&#xE1B;&#xE23;&#xE30;&#xE2B;&#xE32;&#xE23;&#xE0A;&#xE35;&#xE27;&#xE34;&#xE15; -- &#xE1A;&#xE17;&#xE17;&#xE35;&#xE48; 7. &#xE42;&#xE17;&#xE29;&#xE08;&#xE33;&#xE04;&#xE38;&#xE01; -- &#xE1A;&#xE17;&#xE17;&#xE35;&#xE48; 8. &#xE42;&#xE17;&#xE29;&#xE01;&#xE31;&#xE01;&#xE02;&#xE31;&#xE07; -- &#xE1A;&#xE17;&#xE17;&#xE35;&#xE48; 9. &#xE42;&#xE17;&#xE29;&#xE1B;&#xE23;&#xE31;&#xE1A; --  &#xE1A;&#xE17;&#xE17;&#xE35;&#xE48; 10. &#xE42;&#xE17;&#xE29;&#xE23;&#xE34;&#xE1A;&#xE17;&#xE23;&#xE31;&#xE1E;&#xE22;&#xE4C;&#xE2A;&#xE34;&#xE19; -- &#xE1A;&#xE17;&#xE17;&#xE35;&#xE48; 11. &#xE21;&#xE32;&#xE15;&#xE23;&#xE01;&#xE32;&#xE23;&#xE1A;&#xE31;&#xE07;&#xE04;&#xE31;&#xE1A;&#xE17;&#xE32;&#xE07;&#xE2D;&#xE32;&#xE0D;&#xE32;&#xE2D;&#xE37;&#xE48;&#xE19; / &#xE25;&#xE31;&#xE01;&#xE29;&#xE13;&#xE30;&#xE17;&#xE35;&#xE48; 3 &#xE27;&#xE34;&#xE18;&#xE35;&#xE01;&#xE32;&#xE23;&#xE40;&#xE1E;&#xE37;&#xE48;&#xE2D;&#xE04;&#xE27;&#xE32;&#xE21;&#xE1B;&#xE25;&#xE2D;&#xE14;&#xE20;&#xE31;&#xE22; -- &#xE1A;&#xE17;&#xE17;&#xE35;&#xE48; 12. &#xE04;&#xE27;&#xE32;&#xE21;&#xE17;&#xE31;&#xE48;&#xE27;&#xE44;&#xE1B;&#xE27;&#xE48;&#xE32;&#xE14;&#xE49;&#xE27;&#xE22;&#xE27;&#xE34;&#xE18;&#xE35;&#xE01;&#xE32;&#xE23;&#xE40;&#xE1E;&#xE37;&#xE48;&#xE2D;&#xE04;&#xE27;&#xE32;&#xE21;&#xE1B;&#xE25;&#xE2D;&#xE14;&#xE20;&#xE31;&#xE22; -- &#xE1A;&#xE17;&#xE17;&#xE35;&#xE48; 13. &#xE01;&#xE31;&#xE01;&#xE01;&#xE31;&#xE19; -- &#xE1A;&#xE17;&#xE17;&#xE35;&#xE48; 14 . &#xE2B;&#xE49;&#xE32;&#xE21;&#xE40;&#xE02;&#xE49;&#xE32;&#xE40;&#xE02;&#xE15;&#xE01;&#xE33;&#xE2B;&#xE19;&#xE14; -- &#xE1A;&#xE17;&#xE17;&#xE35;&#xE48; 15. &#xE40;&#xE23;&#xE35;&#xE22;&#xE01;&#xE1B;&#xE23;&#xE30;&#xE01;&#xE31;&#xE19;&#xE17;&#xE31;&#xE13;&#xE11;&#xE4C;&#xE1A;&#xE19; -- &#xE1A;&#xE17;&#xE17;&#xE35;&#xE48; 16 . &#xE04;&#xE38;&#xE21;&#xE15;&#xE31;&#xE27;&#xE44;&#xE27;&#xE49;&#xE43;&#xE19;&#xE2A;&#xE16;&#xE32;&#xE19;&#xE1E;&#xE22;&#xE32;&#xE1A;&#xE32;&#xE25; -- &#xE1A;&#xE17;&#xE17;&#xE35;&#xE48; 17. &#xE2B;&#xE49;&#xE32;&#xE21;&#xE01;&#xE32;&#xE23;&#xE1B;&#xE23;&#xE30;&#xE01;&#xE2D;&#xE1A;&#xE2D;&#xE32;&#xE0A;&#xE35;&#xE1E;&#xE1A;&#xE32;&#xE07;&#xE2D;&#xE22;&#xE48;&#xE32;&#xE07; / &#xE25;&#xE31;&#xE01;&#xE29;&#xE13;&#xE30;&#xE17;&#xE35;&#xE48; 4 &#xE14;&#xE38;&#xE25;&#xE1E;&#xE34;&#xE19;&#xE34;&#xE08;&#xE43;&#xE19;&#xE01;&#xE32;&#xE23;&#xE01;&#xE33;&#xE2B;&#xE19;&#xE14;&#xE42;&#xE17;&#xE29; &#xE01;&#xE32;&#xE23;&#xE23;&#xE2D;&#xE01;&#xE32;&#xE23;&#xE01;&#xE33;&#xE2B;&#xE19;&#xE14;&#xE42;&#xE17;&#xE29;&#xE41;&#xE25;&#xE30;&#xE01;&#xE32;&#xE23;&#xE23;&#xE2D;&#xE01;&#xE32;&#xE23;&#xE25;&#xE07;&#xE42;&#xE17;&#xE29; -- &#xE1A;&#xE17;&#xE17;&#xE35;&#xE48; 18. &#xE14;&#xE38;&#xE25;&#xE1E;&#xE34;&#xE19;&#xE34;&#xE08;&#xE43;&#xE19;&#xE01;&#xE32;&#xE23;&#xE01;&#xE33;&#xE2B;&#xE19;&#xE14;&#xE42;&#xE17;&#xE29; -- &#xE1A;&#xE17;&#xE17;&#xE35;&#xE48; 19. &#xE01;&#xE32;&#xE23;&#xE23;&#xE2D;&#xE01;&#xE32;&#xE23;&#xE01;&#xE33;&#xE2B;&#xE19;&#xE14;&#xE42;&#xE17;&#xE29; &#xE41;&#xE25;&#xE30;&#xE23;&#xE2D;&#xE01;&#xE32;&#xE23;&#xE25;&#xE07;&#xE42;&#xE17;&#xE29; / &#xE25;&#xE31;&#xE01;&#xE29;&#xE13;&#xE30;&#xE17;&#xE35;&#xE48; 5 &#xE01;&#xE32;&#xE23;&#xE04;&#xE38;&#xE21;&#xE04;&#xE27;&#xE32;&#xE21;&#xE1B;&#xE23;&#xE30;&#xE1E;&#xE24;&#xE15;&#xE34; -- &#xE1A;&#xE17;&#xE17;&#xE35;&#xE48; 20. &#xE04;&#xE27;&#xE32;&#xE21;&#xE17;&#xE31;&#xE48;&#xE27;&#xE44;&#xE1B;&#xE27;&#xE48;&#xE32;&#xE14;&#xE49;&#xE27;&#xE22;&#xE01;&#xE32;&#xE23;&#xE04;&#xE38;&#xE21;&#xE1B;&#xE23;&#xE30;&#xE1E;&#xE24;&#xE15;&#xE34; -- &#xE1A;&#xE17;&#xE17;&#xE35;&#xE48; 21. &#xE01;&#xE32;&#xE23;&#xE04;&#xE38;&#xE21;&#xE1B;&#xE23;&#xE30;&#xE1E;&#xE24;&#xE15;&#xE34;&#xE15;&#xE32;&#xE21;&#xE01;&#xE0E;&#xE2B;&#xE21;&#xE32;&#xE22;&#xE40;&#xE09;&#xE1E;&#xE32;&#xE30;.</subfield>
  </datafield>
  <datafield tag="650" ind1=" " ind2="4">
    <subfield code="a">&#xE01;&#xE32;&#xE23;&#xE04;&#xE38;&#xE21;&#xE1B;&#xE23;&#xE30;&#xE1E;&#xE24;&#xE15;&#xE34;</subfield>
    <subfield code="9">11892</subfield>
  </datafield>
  <datafield tag="650" ind1=" " ind2="4">
    <subfield code="a">&#xE17;&#xE31;&#xE13;&#xE11;&#xE01;&#xE23;&#xE23;&#xE21;</subfield>
    <subfield code="9">32098</subfield>
  </datafield>
  <datafield tag="650" ind1=" " ind2="4">
    <subfield code="a">&#xE04;&#xE27;&#xE32;&#xE21;&#xE23;&#xE31;&#xE1A;&#xE1C;&#xE34;&#xE14;&#xE17;&#xE32;&#xE07;&#xE2D;&#xE32;&#xE0D;&#xE32;</subfield>
    <subfield code="9">33730</subfield>
  </datafield>
  <datafield tag="650" ind1=" " ind2="4">
    <subfield code="a">&#xE27;&#xE34;&#xE18;&#xE35;&#xE1E;&#xE34;&#xE08;&#xE32;&#xE23;&#xE13;&#xE32;&#xE04;&#xE27;&#xE32;&#xE21;&#xE2D;&#xE32;&#xE0D;&#xE32;</subfield>
    <subfield code="9">1089</subfield>
  </datafield>
  <datafield tag="650" ind1=" " ind2="0">
    <subfield code="a">&#xE01;&#xE0E;&#xE2B;&#xE21;&#xE32;&#xE22;&#xE2D;&#xE32;&#xE0D;&#xE32;</subfield>
    <subfield code="9">49366</subfield>
  </datafield>
  <datafield tag="850" ind1=" " ind2=" ">
    <subfield code="a">NALT</subfield>
  </datafield>
  <datafield tag="856" ind1="4" ind2="0">
    <subfield code="u">https://hdl.handle.net/20.500.14156/511433</subfield>
  </datafield>
  <datafield tag="942" ind1=" " ind2=" ">
    <subfield code="c">LB</subfield>
    <subfield code="2">local</subfield>
  </datafield>
  <datafield tag="999" ind1=" " ind2=" ">
    <subfield code="c">73363</subfield>
    <subfield code="d">73363</subfield>
  </datafield>
  <datafield tag="998" ind1=" " ind2=" ">
    <subfield code="j">111</subfield>
    <subfield code="k"> &#xE19;&#xE32;&#xE07;&#xE2A;&#xE32;&#xE27;&#xE1E;&#xE08;&#xE1E;&#xE34;&#xE13;  &#xE1E;&#xE23;&#xE21;&#xE40;&#xE2D;&#xE35;&#xE48;&#xE22;&#xE21;</subfield>
  </datafield>
  <datafield tag="952" ind1=" " ind2=" ">
    <subfield code="0">0</subfield>
    <subfield code="1">0</subfield>
    <subfield code="2">local</subfield>
    <subfield code="4">0</subfield>
    <subfield code="7">0</subfield>
    <subfield code="8">CLAW</subfield>
    <subfield code="a">NALT</subfield>
    <subfield code="b">NALT</subfield>
    <subfield code="c">LAW</subfield>
    <subfield code="e">&#xE08;&#xE31;&#xE14;&#xE0B;&#xE37;&#xE49;&#xE2D;&#xE17;&#xE23;&#xE31;&#xE1E;&#xE22;&#xE32;&#xE01;&#xE23;</subfield>
    <subfield code="l">5</subfield>
    <subfield code="m">3</subfield>
    <subfield code="o">KS 14 &#xE18;517&#xE2B; 2557</subfield>
    <subfield code="p">3961199856</subfield>
    <subfield code="r">2024-12-13 00:00:00</subfield>
    <subfield code="s">2024-12-02</subfield>
    <subfield code="t">&#xE09;.1</subfield>
    <subfield code="w">2017-06-09</subfield>
    <subfield code="y">LB</subfield>
  </datafield>
  <datafield tag="952" ind1=" " ind2=" ">
    <subfield code="0">0</subfield>
    <subfield code="1">0</subfield>
    <subfield code="2">local</subfield>
    <subfield code="4">0</subfield>
    <subfield code="7">0</subfield>
    <subfield code="8">CLAW</subfield>
    <subfield code="a">NALT</subfield>
    <subfield code="b">NALT</subfield>
    <subfield code="c">LAW</subfield>
    <subfield code="d">2023-02-02</subfield>
    <subfield code="e">&#xE08;&#xE31;&#xE14;&#xE0B;&#xE37;&#xE49;&#xE2D;&#xE17;&#xE23;&#xE31;&#xE1E;&#xE22;&#xE32;&#xE01;&#xE23;</subfield>
    <subfield code="l">3</subfield>
    <subfield code="m">2</subfield>
    <subfield code="o">KS 14 &#xE18;517&#xE2B; 2557</subfield>
    <subfield code="p">3961199855</subfield>
    <subfield code="r">2025-06-09 00:00:00</subfield>
    <subfield code="s">2025-05-23</subfield>
    <subfield code="t">&#xE09;.2</subfield>
    <subfield code="w">2017-06-09</subfield>
    <subfield code="y">LB</subfield>
  </datafield>
</record>
